[Event "Cto Equipos Aragon 2013 Div. Honor II"]
[Site "Aragon"]
[Date "2013.03.02"]
[Round "6.24"]
[White "Cebollada Pacheco, Jesus Raul"]
[Black "Serrat Claver, David"]
[Result "1-0"]
[WhiteElo "2030"]
[BlackElo "1575"]
[PlyCount "56"]
[EventDate "2013.??.??"]
[EventType "tourn"]
[EventRounds "7"]
[EventCountry "ESP"]
[WhiteTeam "St. Casablanca B"]
[BlackTeam "Agrupacion B"]

1. e4 e5 2. Nf3 Nc6 3. Bb5 a6 4. Bxc6 dxc6 5. O-O Ne7 6. Nxe5 Qd4 7. Qh5 g6 8.
Qg5 Bg7 9. Nf3 Qxe4 10. Re1 Qb4 11. a3 Qd6 12. d4 h6 13. Qh4 Bf6 14. Qe4 Bf5
15. Qe2 Bg4 16. Nbd2 Bg7 17. Nc4 Qe6 18. Qd3 Qf5 19. Qe3 Bf6 20. Nce5 Bxf3 21.
Nxf3 O-O-O 22. c4 Kb8 23. Bd2 Nc8 24. Bc3 Nd6 25. b3 g5 26. a4 Qc2 27. Rec1 Qf5
28. Ne5 Rhe8 {Tiempo} 1-0

[Event "Cto Equipos Aragon 2013 Div. Honor II"]
[Site "Aragon"]
[Date "2013.03.02"]
[Round "6.30"]
[White "Solano Lasierra, Javier"]
[Black "Baron Rodriguez, Jesus"]
[Result "1/2-1/2"]
[WhiteElo "2188"]
[BlackElo "2438"]
[PlyCount "76"]
[EventDate "2013.??.??"]
[EventType "tourn"]
[EventRounds "7"]
[EventCountry "ESP"]
[WhiteTeam "L`Aurora Estadilla"]
[BlackTeam "Ibercaja"]

1. c4 e6 2. d4 Nf6 3. Nc3 Bb4 4. e3 c5 5. Bd3 O-O 6. Nge2 d5 7. cxd5 cxd4 8.
exd4 Nxd5 9. O-O Nc6 10. Qc2 h6 11. Rd1 Bd6 12. a3 Nce7 13. Be4 Bd7 14. Nxd5
Nxd5 15. Bxd5 exd5 16. Bf4 Bxf4 17. Nxf4 Qg5 18. Qd2 Rfe8 19. Nd3 Qxd2 20. Rxd2
Rac8 21. Nf4 Bc6 22. Rc1 g5 23. Nh5 Re6 24. Ng3 Rce8 25. h3 Kg7 26. Nf5+ Kg6
27. g4 h5 28. Kg2 hxg4 29. hxg4 Re4 30. Kg3 Bd7 31. Rc7 Be6 32. Ne3 Rh8 33. Rd3
f5 34. gxf5+ Bxf5 35. Nxf5 Kxf5 36. Rxb7 Rhh4 37. Rb5 Rhg4+ 38. Kf3 Rgf4+
1/2-1/2

[Event "Cto Equipos Aragon 2013 Div. Honor II"]
[Site "Aragon"]
[Date "2013.03.02"]
[Round "6.31"]
[White "Romon Poves, Raul"]
[Black "Escuer Sanchez, Nestor"]
[Result "1-0"]
[WhiteElo "2299"]
[BlackElo "2063"]
[PlyCount "51"]
[EventDate "2013.??.??"]
[EventType "tourn"]
[EventRounds "7"]
[EventCountry "ESP"]
[WhiteTeam "Ibercaja"]
[BlackTeam "L`Aurora Estadilla"]

1. e4 e6 2. Nf3 d5 3. Nc3 Nf6 4. e5 Nfd7 5. d4 c5 6. dxc5 Bxc5 7. Bd3 Nc6 8.
Bf4 f6 9. exf6 Nxf6 10. Qe2 a6 11. O-O-O O-O 12. Ne5 Nb4 13. Kb1 Nxd3 14. Rxd3
Qe8 15. Rh3 b5 16. Qd3 Bb7 17. f3 b4 18. Ne2 a5 19. Nd4 Ba6 20. Qd2 Nd7 21. Re1
Nxe5 22. Bxe5 Ra7 23. Rg3 Bc8 24. Qh6 g6 25. h4 Rff7 26. Rxg6+ 1-0

[Event "Cto Equipos Aragon 2013 Div. Honor II"]
[Site "Aragon"]
[Date "2013.03.02"]
[Round "6.32"]
[White "Pellicer Cerezuela, Miguel"]
[Black "Huguet Mainar, Sergio"]
[Result "1/2-1/2"]
[WhiteElo "1794"]
[BlackElo "2162"]
[PlyCount "63"]
[EventDate "2013.??.??"]
[EventType "tourn"]
[EventRounds "7"]
[EventCountry "ESP"]
[WhiteTeam "L`Aurora Estadilla"]
[BlackTeam "Ibercaja"]

1. d4 d5 2. c4 e5 3. e3 exd4 4. exd4 Nf6 5. Nf3 Be7 6. Be2 O-O 7. O-O c6 8. Nc3
Be6 9. c5 b6 10. b4 a5 11. Na4 Nbd7 12. Bd2 axb4 13. Bxb4 bxc5 14. Nxc5 Nxc5
15. dxc5 Qb8 16. a3 Nd7 17. Rc1 Qf4 18. Nd4 Qc7 19. Re1 Bf6 20. Bf1 Rfe8 21.
Nxe6 Rxe6 22. g3 Rae8 23. Bh3 Rxe1+ 24. Bxe1 Bb2 25. Rc2 Bf6 26. Re2 Rxe2 27.
Qxe2 Qe5 28. Qxe5 Nxe5 29. Bb4 Nd3 30. Bd7 Nxb4 31. axb4 Bc3 32. Bxc6 1/2-1/2

[Event "Cto Equipos Aragon 2013 Preferente I"]
[Site "Aragon"]
[Date "2013.03.02"]
[Round "6.33"]
[White "Delgado Crespo, Mairelys"]
[Black "Roche Simon, Manuel Angel"]
[Result "1-0"]
[WhiteElo "2249"]
[BlackElo "2134"]
[PlyCount "87"]
[EventDate "2013.??.??"]
[EventType "tourn"]
[EventRounds "9"]
[EventCountry "ESP"]
[WhiteTeam "Jaime Casas B"]
[BlackTeam "CCOO Delicias"]

1. e4 c5 2. Nf3 Nc6 3. d4 cxd4 4. Nxd4 Qc7 5. Be2 e6 6. O-O a6 7. Nc3 b5 8.
Nxc6 dxc6 9. f4 Bc5+ 10. Kh1 Ne7 11. Bd3 f5 12. Qh5+ g6 13. Qh6 Kf7 14. Bd2 Ng8
15. Qh3 Nf6 16. Rae1 Ng4 17. Nd1 h5 18. Bc3 Rd8 19. Qf3 Bb7 20. Qh3 Bc8 21. Qf3
Bb7 22. a3 a5 23. Qe2 Re8 24. a4 Qe7 25. Rf3 Bb6 26. Qf1 Qc5 27. Bd2 bxa4 28.
Ne3 Rad8 29. Nc4 Nf2+ 30. Rxf2 Qxf2 31. Qxf2 Bxf2 32. Re2 Bd4 33. Bxa5 Ra8 34.
Nd6+ Kg8 35. Nxe8 Rxe8 36. c3 Bc5 37. exf5 Ra8 38. fxe6 Rxa5 39. e7 Bxe7 40.
Rxe7 a3 41. Rxb7 a2 42. Bc4+ Kh8 43. Bxa2 Rxa2 44. Kg1 1-0

[Event "Cto Equipos Aragon 2013 Preferente I"]
[Site "Aragon"]
[Date "2013.03.02"]
[Round "6.34"]
[White "Naya Sancho, Jose Ignacio"]
[Black "Inglan Bielsa, Fernando"]
[Result "1/2-1/2"]
[WhiteElo "2130"]
[BlackElo "2091"]
[PlyCount "53"]
[EventDate "2013.??.??"]
[EventType "tourn"]
[EventRounds "9"]
[EventCountry "ESP"]
[WhiteTeam "CCOO Delicias"]
[BlackTeam "Jaime Casas B"]

1. e4 c5 2. Nf3 d6 3. d4 cxd4 4. Nxd4 Nf6 5. Nc3 e6 6. g4 Nc6 7. g5 Nd7 8. Be3
a6 9. Qd2 Nde5 10. Be2 b5 11. O-O-O Qa5 12. Nb3 Qc7 13. Bxb5 axb5 14. Nxb5 Qb8
15. Nxd6+ Bxd6 16. Qxd6 Qxd6 17. Rxd6 O-O 18. f4 Nc4 19. Rxc6 Nxe3 20. Rg1 Ra4
21. Rc3 Nc4 22. Rd1 Ba6 23. a3 Bb5 24. Nc5 Raa8 25. a4 Rfc8 26. b4 g6 27. Rd4
1/2-1/2

[Event "Cto Equipos Aragon 2013 Preferente I"]
[Site "Aragon"]
[Date "2013.03.02"]
[Round "6.35"]
[White "Maza Broto, Pablo"]
[Black "Llanes Luno, Pedro Alfredo"]
[Result "0-1"]
[WhiteElo "2037"]
[BlackElo "2102"]
[PlyCount "64"]
[EventDate "2013.??.??"]
[EventType "tourn"]
[EventRounds "9"]
[EventCountry "ESP"]
[WhiteTeam "Jaime Casas B"]
[BlackTeam "CCOO Delicias"]

1. Nf3 c5 2. c4 Nc6 3. d4 cxd4 4. Nxd4 Nf6 5. Nc3 g6 6. e4 Qa5 7. Nb3 Qc7 8.
Be3 Bg7 9. Be2 O-O 10. O-O b6 11. Nd5 Qb7 12. f4 Nxe4 13. Bf3 f5 14. Bxe4 fxe4
15. f5 gxf5 16. Qh5 d6 17. Bh6 e5 18. Rad1 Be6 19. Ne3 Bxh6 20. Qxh6 Qe7 21.
Qh5 f4 22. Nd5 Qg7 23. Rde1 e3 24. Qf3 Ne7 25. Kh1 Nxd5 26. cxd5 Bg4 27. Qe4
Bf5 28. Qb4 Qg6 29. Nc1 Be4 30. Rf3 Kh8 31. Ne2 Rg8 32. Rg1 Rac8 0-1

[Event "Cto Equipos Aragon 2013 Preferente I"]
[Site "Aragon"]
[Date "2013.03.02"]
[Round "6.36"]
[White "Campo Millan, Diego"]
[Black "Buil Rello, Jose Antonio"]
[Result "1-0"]
[WhiteElo "2082"]
[BlackElo "1982"]
[PlyCount "83"]
[EventDate "2013.??.??"]
[EventType "tourn"]
[EventRounds "9"]
[EventCountry "ESP"]
[WhiteTeam "CCOO Delicias"]
[BlackTeam "Jaime Casas B"]

1. c4 Nf6 2. Nc3 d6 3. g3 c6 4. Bg2 Nbd7 5. d3 e5 6. e4 Be7 7. Nge2 a5 8. O-O
O-O 9. h3 Qc7 10. Be3 h6 11. Kh1 Qd8 12. Qe1 Nh7 13. Rd1 Qc7 14. f4 exf4 15.
gxf4 Nhf6 16. Rg1 Kh8 17. Ng3 Ng8 18. Qf2 g6 19. d4 Bf6 20. e5 Bg7 21. Nge4
dxe5 22. dxe5 Re8 23. Nd6 Re7 24. Be4 f5 25. Bf3 Kh7 26. h4 h5 27. Ne2 Nh6 28.
Ng3 Ng4 29. Bxg4 fxg4 30. Qc2 Nxe5 31. fxe5 Bxe5 32. c5 Be6 33. Bg5 Rd7 34.
Rge1 Bd5+ 35. Rxd5 Bxg3 36. Re6 Rg7 37. Rd3 Qd7 38. Qe2 Bxd6 39. cxd6 c5 40.
Qe4 Qb5 41. Bf6 Rf7 42. d7 1-0

[Event "Cto Equipos Aragon 2013 Preferente I"]
[Site "Aragon"]
[Date "2013.03.02"]
[Round "6.38"]
[White "Munoz Munoz, Juan Carlos"]
[Black "Gomez Salinas, Nestor"]
[Result "1-0"]
[WhiteElo "2092"]
[BlackElo "1883"]
[PlyCount "95"]
[EventDate "2013.??.??"]
[EventType "tourn"]
[EventRounds "9"]
[EventCountry "ESP"]
[WhiteTeam "Helios B"]
[BlackTeam "Ramiro C"]

1. d4 Nf6 2. Nf3 d6 3. g3 Nbd7 4. Bg2 g6 5. O-O Bg7 6. c4 O-O 7. Nc3 c5 8. h3
a6 9. e4 cxd4 10. Nxd4 Nb6 11. b3 Qc7 12. Be3 e5 13. Nc2 Be6 14. Nb4 Nh5 15.
Rc1 Nc8 16. Nbd5 Qd7 17. Kh2 Bxd5 18. Nxd5 Nf6 19. c5 Nxd5 20. Qxd5 Rd8 21.
Rfd1 Bf6 22. cxd6 Nxd6 23. Bb6 Qe8 24. Bxd8 Rxd8 25. Qc5 Bg5 26. Rb1 Qe6 27.
Rd5 Be7 28. Rxe5 Qf6 29. Rd5 Rc8 30. Qd4 Qxd4 31. Rxd4 Rc2 32. Rbd1 Nb5 33.
R4d2 Rxd2 34. Rxd2 Bb4 35. Rd7 b6 36. a4 Nd6 37. e5 Nf5 38. g4 Ne7 39. f4 a5
40. Kg3 Kf8 41. Kf3 Ke8 42. Rb7 Nc8 43. Ke4 Bc5 44. Bf1 f5+ 45. gxf5 gxf5+ 46.
Kxf5 Ne7+ 47. Ke6 Nc6 48. Bb5 1-0

[Event "Cto Equipos Aragon 2013 Preferente I"]
[Site "Aragon"]
[Date "2013.03.02"]
[Round "6.39"]
[White "Abad Vinas, Jesus Manuel"]
[Black "Flores Samperiz, Jorge"]
[Result "0-1"]
[WhiteElo "1872"]
[BlackElo "1994"]
[PlyCount "70"]
[EventDate "2013.??.??"]
[EventType "tourn"]
[EventRounds "9"]
[EventCountry "ESP"]
[WhiteTeam "Ramiro C"]
[BlackTeam "Helios B"]

1. e4 e5 2. Nf3 Nf6 3. Nc3 Nc6 4. Bc4 Bc5 5. d3 h6 6. O-O d6 7. Be3 Bb6 8. Qe2
Bg4 9. h3 Bh5 10. a4 O-O 11. Kh1 Ne7 12. g4 Bg6 13. Nh4 c6 14. Rg1 d5 15. exd5
cxd5 16. Bxb6 axb6 17. Bb3 d4 18. Nb5 e4 19. dxe4 Bxe4+ 20. f3 d3 21. cxd3 Bxd3
22. Qg2 Ned5 23. g5 Nf4 24. Qg4 Nxg4 25. Rxg4 hxg5 26. Rag1 Nxh3 27. R1g2 Bf1
28. Rh2 gxh4 29. Nd4 Qf6 30. Bc2 Rac8 31. Nf5 Rxc2 32. Rxg7+ Qxg7 33. Nxg7
Rxh2+ 34. Kxh2 Kxg7 35. b4 Rd8 0-1

[Event "Cto Equipos Aragon 2013 Preferente I"]
[Site "Aragon"]
[Date "2013.03.02"]
[Round "6.40"]
[White "Flores, Francisco"]
[Black "Iglesias Fernandez, Luis"]
[Result "1-0"]
[WhiteElo "1850"]
[BlackElo "1862"]
[PlyCount "105"]
[EventDate "2013.??.??"]
[EventType "tourn"]
[EventRounds "9"]
[EventCountry "ESP"]
[WhiteTeam "Helios B"]
[BlackTeam "Ramiro C"]

1. d4 g6 2. c4 Bg7 3. Nc3 Nf6 4. e4 d6 5. Be2 O-O 6. Nf3 e5 7. O-O Nc6 8. d5
Ne7 9. Ne1 Nd7 10. Be3 f5 11. f3 f4 12. Bf2 g5 13. b4 Nf6 14. Rc1 Rf7 15. c5
Bf8 16. cxd6 cxd6 17. Nb5 g4 18. Nc7 g3 19. hxg3 fxg3 20. Nxa8 gxf2+ 21. Rxf2
Ng6 22. Qc2 Nh5 23. Qxc8 Qh4 24. Qg4 Ng3 25. Qxh4 Nxh4 26. Bb5 Rf6 27. Bd7 Ng6
28. Be6+ Kg7 29. Rc7+ Kh6 30. Rf7 Rxf7 31. Bxf7 Nf4 32. Kh2 Nfe2 33. Be8 a6 34.
a4 Be7 35. b5 Bg5 36. bxa6 bxa6 37. Nc7 Bf4 38. Rxe2 Nxe2+ 39. Kh3 a5 40. Nb5
Kg5 41. g4 Be3 42. Nxd6 Kf4 43. Ng2+ Kxf3 44. Nxe3 Nf4+ 45. Kh4 Kxe3 46. Kg5
Nh3+ 47. Kf5 Nf2 48. g5 Kd4 49. g6 hxg6+ 50. Bxg6 Nd3 51. Nb7 Nb4 52. d6 Nc6
53. Be8 1-0

[Event "Cto Equipos Aragon 2013 Preferente I"]
[Site "Aragon"]
[Date "2013.03.02"]
[Round "6.41"]
[White "Del Corral Abancens, Alfonso"]
[Black "Antonano Fernandez, Avelino"]
[Result "0-1"]
[WhiteElo "1923"]
[BlackElo "2099"]
[PlyCount "79"]
[EventDate "2013.??.??"]
[EventType "tourn"]
[EventRounds "9"]
[EventCountry "ESP"]
[WhiteTeam "Shatranj"]
[BlackTeam "St. Casablanca C"]

1. e4 b6 2. Nc3 Bb7 3. Bc4 e6 4. Nf3 Nf6 5. Qe2 Be7 6. e5 Nd5 7. d4 Nxc3 8.
bxc3 d5 9. Bd3 c5 10. Bb5+ Nd7 11. O-O a6 12. Bxd7+ Qxd7 13. Rb1 Bc6 14. Ne1
Bb5 15. Nd3 O-O 16. Qg4 Rfc8 17. Bh6 g6 18. Be3 f5 19. exf6 Bxf6 20. Rfe1 Bxd3
21. cxd3 Rc6 22. dxc5 Bxc3 23. Rec1 d4 24. Bh6 bxc5 25. h4 Qf7 26. Qg3 Bb4 27.
a3 Bxa3 28. Rb8+ Rc8 29. Rcb1 Bb4 30. Rb6 Qc7 31. Rd6 Rd8 32. Bf4 Rxd6 33. Bxd6
Qf7 34. h5 a5 35. hxg6 Qxg6 36. Qf3 Rd8 37. Qf4 Qf5 38. Qg3+ Kf7 39. Qe5 Qxe5
40. Bxe5 0-1

[Event "Cto Equipos Aragon 2013 Preferente I"]
[Site "Aragon"]
[Date "2013.03.02"]
[Round "6.42"]
[White "Juberias Segura, Santiago"]
[Black "Santos Hernandez, Higinio"]
[Result "1-0"]
[WhiteElo "2045"]
[BlackElo "1630"]
[PlyCount "61"]
[EventDate "2013.??.??"]
[EventType "tourn"]
[EventRounds "9"]
[EventCountry "ESP"]
[WhiteTeam "St. Casablanca B"]
[BlackTeam "Shatranj"]

1. c4 e5 2. g3 Nf6 3. Bg2 c5 4. Nc3 Nc6 5. d3 Be7 6. a3 O-O 7. Rb1 d6 8. b4
cxb4 9. axb4 Rb8 10. Nf3 Be6 11. O-O Qd7 12. Ng5 Bf5 13. b5 Nd4 14. e3 Ne6 15.
Nxe6 Bxe6 16. Ra1 b6 17. Qa4 Bf5 18. Rd1 Bh3 19. Qxa7 Bxg2 20. Qxd7 Nxd7 21.
Kxg2 Nf6 22. Ra7 Rfe8 23. Bb2 Bf8 24. Rda1 e4 25. dxe4 Nxe4 26. Nxe4 Rxe4 27.
Bd4 Rc8 28. Rb7 Re7 29. Rxb6 Rxc4 30. Ra8 Rd7 31. Rbb8 1-0

[Event "Cto Equipos Aragon 2013 Preferente I"]
[Site "Aragon"]
[Date "2013.03.02"]
[Round "6.43"]
[White "Aznar Andres, Pilar"]
[Black "Alvarez Gonzalo, Miguel Angel"]
[Result "0-1"]
[WhiteElo "1609"]
[BlackElo "1973"]
[PlyCount "31"]
[EventDate "2013.??.??"]
[EventType "tourn"]
[EventRounds "9"]
[EventCountry "ESP"]
[WhiteTeam "Shatranj"]
[BlackTeam "St. Casablanca C"]

1. e4 c5 2. Nc3 Nc6 3. g3 g6 4. Bg2 Bg7 5. f4 e6 6. Nf3 Nge7 7. d3 O-O 8. O-O
Rb8 9. Ne2 b5 10. Rb1 d5 11. b3 Qb6 12. Be3 dxe4 13. dxe4 Rd8 14. Qe1 b4 15.
Qf2 Nd5 16. e5 0-1

[Event "Cto Equipos Aragon 2013 Preferente I"]
[Site "Aragon"]
[Date "2013.03.02"]
[Round "6.44"]
[White "Calvo Mayayo, Jose Maria"]
[Black "Alvaro Rada, Gonzalo"]
[Result "1-0"]
[WhiteElo "1929"]
[BlackElo "1581"]
[PlyCount "41"]
[EventDate "2013.??.??"]
[EventType "tourn"]
[EventRounds "9"]
[EventCountry "ESP"]
[WhiteTeam "St. Casablanca C"]
[BlackTeam "Shatranj"]

1. c4 c6 2. g3 Nf6 3. Bg2 d5 4. cxd5 Nxd5 5. Nf3 Nd7 6. O-O Qc7 7. e4 N5b6 8.
b3 h6 9. Bb2 Rb8 10. d4 e6 11. Nc3 Be7 12. Rc1 Qd8 13. Qe2 g5 14. h3 h5 15. Nh2
h4 16. g4 Nf8 17. Rfd1 Ng6 18. Qf3 Bd7 19. d5 cxd5 20. Qe2 Bf6 21. exd5 1-0

[Event "Cto Equipos Aragon 2013 Preferente I"]
[Site "Aragon"]
[Date "2013.03.02"]
[Round "6.45"]
[White "Malo Guillen, Jose Luis"]
[Black "Galve Guinea, Alejandro"]
[Result "1/2-1/2"]
[WhiteElo "2170"]
[BlackElo "2025"]
[PlyCount "60"]
[EventDate "2013.??.??"]
[EventType "tourn"]
[EventRounds "9"]
[EventCountry "ESP"]
[WhiteTeam "Las Fuentes"]
[BlackTeam "El Olivar C"]

1. d4 d5 2. c4 c6 3. Nc3 Nf6 4. e3 e6 5. Nf3 Nbd7 6. Bd3 dxc4 7. Bxc4 b5 8. Bd3
a6 9. e4 c5 10. d5 Qc7 11. O-O Bb7 12. dxe6 fxe6 13. Ng5 Qc6 14. f4 c4 15. Bc2
Bc5+ 16. Kh1 h6 17. Nf3 O-O-O 18. Qe2 Rhf8 19. Be3 Bxe3 20. Qxe3 Ng4 21. Qe2
Qb6 22. a4 Ne3 23. axb5 Nxf1 24. Qxc4+ Qc5 25. Qxf1 axb5 26. Nxb5 Rxf4 27. Nbd4
Nf8 28. Nb3 Qb6 29. Ra5 Rf7 30. Ra3 Rc7 1/2-1/2

[Event "Cto Equipos Aragon 2013 Preferente I"]
[Site "Aragon"]
[Date "2013.03.02"]
[Round "6.46"]
[White "Sanmartin Agustin, Borja"]
[Black "Alonso Blasco, Jose Miguel"]
[Result "1-0"]
[WhiteElo "2021"]
[BlackElo "2116"]
[PlyCount "73"]
[EventDate "2013.??.??"]
[EventType "tourn"]
[EventRounds "9"]
[EventCountry "ESP"]
[WhiteTeam "El Olivar C"]
[BlackTeam "Las Fuentes"]

1. e4 c6 2. d4 d5 3. exd5 cxd5 4. c4 Nf6 5. Nc3 e6 6. Nf3 Bb4 7. a3 Bxc3+ 8.
bxc3 O-O 9. Qb3 b6 10. Bg5 Bb7 11. c5 Nbd7 12. Ne5 Qc7 13. Nxd7 Nxd7 14. Rb1 e5
15. Be2 exd4 16. cxd4 Rfe8 17. Be3 Bc6 18. cxb6 Nxb6 19. O-O Ba4 20. Qb4 Qe7
21. Rfc1 Qxb4 22. Rxb4 Rac8 23. Rc5 f5 24. Ba6 Rcd8 25. g3 Bd7 26. Rc7 Nc8 27.
Rbb7 Nb6 28. a4 Kh8 29. a5 Bc8 30. Rxa7 Bxa6 31. axb6 f4 32. gxf4 Bd3 33. b7
Be4 34. Rc5 h6 35. Rca5 Kh7 36. Ra8 Bf5 37. Rxd5 1-0

[Event "Cto Equipos Aragon 2013 Preferente I"]
[Site "Aragon"]
[Date "2013.03.02"]
[Round "6.47"]
[White "Mombiela de Sus, Jose Luis"]
[Black "Hernandez Delgado, Gabriel"]
[Result "1/2-1/2"]
[WhiteElo "2030"]
[BlackElo "1974"]
[PlyCount "96"]
[EventDate "2013.??.??"]
[EventType "tourn"]
[EventRounds "9"]
[EventCountry "ESP"]
[WhiteTeam "Las Fuentes"]
[BlackTeam "El Olivar C"]

1. c4 e5 2. g3 Nf6 3. Bg2 d5 4. cxd5 Nxd5 5. Nc3 Nb6 6. Nf3 Nc6 7. O-O Be7 8.
a3 O-O 9. b4 Be6 10. Bb2 f6 11. d3 a5 12. b5 Nd4 13. Nd2 Qc8 14. e3 Nf5 15. Qc2
a4 16. Rac1 Ra5 17. Rfe1 Nd6 18. Nde4 Nxb5 19. Nxb5 Rxb5 20. Qxc7 Qxc7 21. Rxc7
Nd5 22. Rc2 Rb3 23. Nd2 Rb5 24. Bf1 Rc8 25. Rxc8+ Bxc8 26. Rc1 Bd7 27. Rc2 Rc5
28. Rxc5 Bxc5 29. Bg2 Bc6 30. Kf1 b5 31. Ne4 Bxe3 32. Nc3 Nxc3 33. Bxc6 Bd4 34.
Bxc3 Bxc3 35. Bxb5 Bb2 36. Bxa4 Bxa3 37. g4 g5 38. Bd7 Kf7 39. Bf5 h6 40. f3
Ke7 41. Ke2 Bc5 42. Kd2 Bd4 43. h3 Kd6 44. Be4 Kc5 45. Bf5 Bf2 46. Ke2 Bg3 47.
Be4 Kd4 48. Bf5 Bf4 1/2-1/2

[Event "Cto Equipos Aragon 2013 Preferente I"]
[Site "Aragon"]
[Date "2013.03.02"]
[Round "6.48"]
[White "Sarto Ramos, Angel"]
[Black "Javierre Conesa, Alfonso"]
[Result "1-0"]
[WhiteElo "1957"]
[BlackElo "2011"]
[PlyCount "59"]
[EventDate "2013.??.??"]
[EventType "tourn"]
[EventRounds "9"]
[EventCountry "ESP"]
[WhiteTeam "El Olivar C"]
[BlackTeam "Las Fuentes"]

1. Nf3 d5 2. d4 Nf6 3. Nbd2 Bf5 4. e3 e6 5. c4 c6 6. Qb3 Qb6 7. c5 Qc7 8. Bd3
Bxd3 9. Qxd3 Nbd7 10. O-O Be7 11. b4 e5 12. e4 dxe4 13. Nxe4 O-O 14. Bb2 Nxe4
15. Qxe4 f5 16. Qc2 e4 17. Qc4+ Kh8 18. Ne5 Nxe5 19. dxe5 Rad8 20. Rad1 Rd7 21.
Rd6 Bxd6 22. cxd6 Qd8 23. Rd1 Re8 24. b5 cxb5 25. Qd5 Qb6 26. e6 Rdd8 27. e7 e3
28. Qf7 exf2+ 29. Kf1 Qe3 30. Bxg7# 1-0

[Event "Cto Equipos Aragon 2013 Preferente I"]
[Site "Aragon"]
[Date "2013.03.02"]
[Round "6.49"]
[White "Soriano Ascaso, Ignacio"]
[Black "Felez Casedas, Carlos"]
[Result "0-1"]
[WhiteElo "2131"]
[BlackElo "2012"]
[PlyCount "65"]
[EventDate "2013.??.??"]
[EventType "tourn"]
[EventRounds "9"]
[EventCountry "ESP"]
[WhiteTeam "Sabiñanigo"]
[BlackTeam "L`Aurora Estadilla B"]
[TimeControl "40/2400:40/2400:2400"]

{600MB, Fritz12.ctg, TOSHIBA} 1. f4 d5 2. Nf3 Nf6 3. e3 Bg4 4. Be2 Bxf3 5. Bxf3
e6 6. b3 Nbd7 7. Bb2 Bd6 8. Nc3 c6 9. Qe2 Qe7 10. O-O h6 11. d4 g5 12. e4 dxe4
13. Nxe4 Nxe4 14. Bxe4 gxf4 15. c4 Rg8 16. c5 Bc7 17. b4 Qh4 18. Bf3 Nf6 19.
Qe1 Qxe1 20. Raxe1 O-O-O 21. a4 a6 22. b5 axb5 23. axb5 cxb5 24. Be2 b4 25. Bb5
Nd5 26. Ra1 Rg6 27. c6 Rdg8 28. Ra8+ Bb8 29. Rc1 Rxg2+ 30. Kf1 b3 31. cxb7+
Kxb7 32. Rxb8+ Kxb8 33. Ba1 0-1

[Event "Cto Equipos Aragon 2013 Preferente I"]
[Site "Aragon"]
[Date "2013.03.02"]
[Round "6.50"]
[White "Betran Rabal, Alberto"]
[Black "Pardo Calvo, Carlos"]
[Result "0-1"]
[WhiteElo "1936"]
[BlackElo "1818"]
[PlyCount "60"]
[EventDate "2013.??.??"]
[EventType "tourn"]
[EventRounds "9"]
[EventCountry "ESP"]
[WhiteTeam "L`Aurora Estadilla B"]
[BlackTeam "Sabiñanigo"]
[TimeControl "40/2400:40/2400:2400"]

{600MB, Fritz12.ctg, TOSHIBA} 1. d4 {[%emt 0:00:00]} d5 2. c4 e6 3. Nc3 Nf6 4.
e3 c6 5. Nf3 dxc4 6. Bxc4 Nbd7 7. O-O Nd5 8. e4 Nxc3 9. bxc3 Nf6 10. Re1 Be7
11. a4 O-O 12. Qb3 Re8 13. Bf4 Nh5 14. Bd2 Nf6 15. h3 b6 16. Ne5 Bb7 17. Bf4
Bf8 18. Rad1 Qe7 19. Bg5 h6 20. Bh4 g5 21. Bg3 Nh5 22. Re3 Nxg3 23. Rxg3 Bg7
24. Nd3 b5 25. axb5 cxb5 26. Bxb5 Rab8 27. c4 a6 28. Ne5 Bxe4 29. Nd7 Qxd7 30.
Bxd7 Rxb3 0-1

[Event "Cto Equipos Aragon 2013 Preferente I"]
[Site "Aragon"]
[Date "2013.03.02"]
[Round "6.51"]
[White "Garcia Estruch, Jorge"]
[Black "Puertolas Serena, Arturo"]
[Result "0-1"]
[WhiteElo "1796"]
[BlackElo "1920"]
[PlyCount "111"]
[EventDate "2013.??.??"]
[EventType "tourn"]
[EventRounds "9"]
[EventCountry "ESP"]
[WhiteTeam "Sabiñanigo"]
[BlackTeam "L`Aurora Estadilla B"]

1. e4 b6 2. d4 Bb7 3. Bd3 e6 4. Nf3 c5 5. c3 cxd4 6. cxd4 Bb4+ 7. Nc3 Nf6 8.
Qe2 h6 9. O-O O-O 10. e5 Ne8 11. Bf4 d5 12. Rac1 Nc6 13. a3 Be7 14. b4 Rc8 15.
Bb1 Bg5 16. Nxg5 hxg5 17. Qh5 g6 18. Qxg5 Qxg5 19. Bxg5 Nxd4 20. Rfe1 Ng7 21.
Bd3 Ngf5 22. Bf6 Nb3 23. Bxf5 d4 24. Be4 Nxc1 25. Nb5 Ne2+ 26. Kf1 Bxe4 27.
Kxe2 Bxg2 28. Nxd4 Rc4 29. Nb5 Rc2+ 30. Ke3 Rfc8 31. Rg1 Bh3 32. Rg3 Bf5 33.
Kf3 a6 34. Nd6 R8c3+ 35. Kf4 Rxf2+ 36. Kg5 Rxg3+ 37. hxg3 Rh2 38. Nc8 b5 39.
Ne7+ Kf8 40. Nc6 Ra2 41. Be7+ Ke8 42. Bc5 Rxa3 43. Kf4 g5+ 44. Kxg5 Rxg3+ 45.
Kf4 Rg4+ 46. Ke3 Re4+ 47. Kf3 Re1 48. Kf4 Rc1 49. Ke3 Kd7 50. Na5 Re1+ 51. Kf4
Re4+ 52. Kg5 Rxe5 53. Kf6 Re2 54. Kxf7 Be4 55. Kf6 Bd5 56. Kg6 0-1

[Event "Cto Equipos Aragon 2013 Preferente I"]
[Site "Aragon"]
[Date "2013.03.02"]
[Round "6.52"]
[White "Puig-Pey Pale, Jaime"]
[Black "Paño Pinilla, Ernesto"]
[Result "0-1"]
[WhiteElo "1749"]
[BlackElo "1565"]
[PlyCount "65"]
[EventDate "2013.??.??"]
[EventType "tourn"]
[EventRounds "9"]
[EventCountry "ESP"]
[WhiteTeam "L`Aurora Estadilla B"]
[BlackTeam "Sabiñanigo"]

1. Nf3 Nf6 2. g3 d6 3. Bg2 e5 4. d3 Nc6 5. Nbd2 Be6 6. b3 Qd7 7. Bb2 Bh3 8. O-O
Bxg2 9. Kxg2 O-O-O 10. e4 Ng4 11. h3 Nh6 12. a4 f5 13. exf5 Qxf5 14. Bc1 Be7
15. Ne4 Nf7 16. g4 Qg6 17. Be3 d5 18. Ng3 e4 19. Nh2 Nfe5 20. d4 Nf7 21. Qe2
Rhf8 22. c4 dxc4 23. bxc4 Nxd4 24. Bxd4 Rxd4 25. Nf5 Rd7 26. Rfd1 Nd6 27. Nxe7+
Rxe7 28. c5 Nf5 29. a5 a6 30. Rdc1 Nd4 31. Qe3 Nf3 32. Rcb1 Ref7 33. Rb2 0-1

[Event "Cto Equipos Aragon 2013 Preferente II"]
[Site "Aragon"]
[Date "2013.03.02"]
[Round "6.54"]
[White "Neila Castillo, Miguel Angel"]
[Black "Sebastian Bespin, Ruben"]
[Result "1/2-1/2"]
[WhiteElo "2075"]
[BlackElo "2158"]
[PlyCount "58"]
[EventDate "2013.??.??"]
[EventType "tourn"]
[EventRounds "9"]
[EventCountry "ESP"]
[WhiteTeam "CCOO Delicias B"]
[BlackTeam "Marcos Frechin"]

1. f4 Nf6 2. Nf3 d5 3. b3 c5 4. e3 Nc6 5. Bb5 Qb6 6. Bxc6+ Qxc6 7. Ne5 Qc7 8.
Bb2 g6 9. O-O Bg7 10. Qf3 O-O 11. Nc3 d4 12. Nb5 Qa5 13. a4 Qxd2 14. exd4 Qxc2
15. Rf2 Qf5 16. dxc5 Nd7 17. Qc3 Nxe5 18. fxe5 Qg5 19. Rd1 Bg4 20. Rd3 Rad8 21.
Qd2 Qxd2 22. Rfxd2 Rxd3 23. Rxd3 a6 24. Na3 Bf5 25. Rd1 Bg4 26. Rd5 Be6 27. Rd3
Bf5 28. Rd1 Bg4 29. Rd3 Bf5 1/2-1/2